Kogenerace jako smysluplný doplněk výroby z OZE
Podpora pestovania repky za účelom výroby pohonných hmôt. Využitie fotovoltaiky zároveň s pestovaním repky. Výroba energie z OZE a z kogenerácie. Kombinácia čistého OZE a účinného KVET (kombinovaná výroba elektriny a tepla). Dôležitý stabilný výkon jadrových elektrární.
Gespeichert in:
| 1. Verfasser: | |
|---|---|
| Format: | Buchkapitel |
| Sprache: | Tschechisch |
| Schlagworte: | |
| Tags: |
Keine Tags, Fügen Sie das erste Tag hinzu!
|
MARC
| LEADER | 00000naa a2200000 4500 | ||
|---|---|---|---|
| 001 | 0261881 | ||
| 005 | 20200129130612.4 | ||
| 041 | 0 | |a cze | |
| 044 | |a CZ | ||
| 245 | 1 | 0 | |a Kogenerace jako smysluplný doplněk výroby z OZE |c Josef Jeleček |
| 520 | |a Podpora pestovania repky za účelom výroby pohonných hmôt. Využitie fotovoltaiky zároveň s pestovaním repky. Výroba energie z OZE a z kogenerácie. Kombinácia čistého OZE a účinného KVET (kombinovaná výroba elektriny a tepla). Dôležitý stabilný výkon jadrových elektrární. | ||
| 610 | 2 | 0 | |a energetika |
| 610 | 2 | 0 | |a zdroje energie obnoviteľné |
| 610 | 2 | 0 | |a energia atómová |
| 610 | 2 | 0 | |a energia elektrická |
| 610 | 2 | 0 | |a energia tepelná |
| 610 | 2 | 0 | |a energia slnečná |
| 100 | 1 | |a Jeleček, Josef | |